[Event "Arandjelovac op 2nd"]
[Site "Arandjelovac"]
[Date "2023.08.05"]
[Round "8"]
[White "Drljevic, Ljilja"]
[Black "Hung, Chen Ting"]
[Result "1-0"]
[WhiteElo "2115"]
[BlackElo "1664"]
[PlyCount "65"]
[EventDate "2023.07.31"]
[EventType "swiss"]
[EventRounds "9"]
[EventCountry "SRB"]
[SourceTitle "CBM 215 Extra"]
[Source "ChessBase"]
[SourceDate "2023.09.30"]
[SourceVersion "1"]
[SourceVersionDate "2023.09.30"]
[SourceQuality "1"]

1. g3 d5 2. Nf3 Nf6 3. Bg2 e6 4. 0-0 Be7 5. c4 0-0 6. b3 c6 7. Bb2 Nbd7 8. d3 Re8 9. Qc2 Bf8 10. a3 e5 11. e4 d4 12. Nbd2 a5 13. h3 Bd6 14. Nh4 c5 15. Rae1 g6 16. Bc1 Nh5 17. Ndf3 Bf8 18. Bd2 Bg7 19. Rb1 Qc7 20. Qd1 f6 21. Ne1 Nb8 22. Nhf3 Nc6 23. Nh2 Be6 24. Ng4 Rf8 25. Nh6+ Kh8 26. Nf5 Qd7 27. Kh2 Ne7 28. b4 axb4 29. axb4 gxf5 30. Qxh5 fxe4 31. bxc5 Nc6 32. Bxe4 f5 33. Bd5 1-0

[Event "SRB-ch (Women) 17th"]
[Site "Senta"]
[Date "2023.06.12"]
[Round "7"]
[White "Drljevic, Ljilja"]
[Black "Tadic, Ana"]
[Result "1-0"]
[WhiteElo "2156"]
[BlackElo "1853"]
[PlyCount "57"]
[EventDate "2023.06.06"]
[EventType "tourn"]
[EventRounds "9"]
[EventCountry "SRB"]
[SourceTitle "CBM 214 Extra"]
[Source "ChessBase"]
[SourceDate "2023.07.31"]
[SourceVersion "1"]
[SourceVersionDate "2023.07.31"]
[SourceQuality "1"]

1. a3 d5 2. Nf3 c5 3. b4 e6 4. Bb2 Nf6 5. b5 Be7 6. e3 a6 7. c4 Nbd7 8. Nc3 0-0 9. Qc2 axb5 10. Nxb5 b6 11. Bd3 Bb7 12. Ng5 g6 13. h4 e5 14. cxd5 Nxd5 15. f4 exf4 16. Nxh7 Bxh4+ 17. Ke2 Kxh7 18. Rh3 Qe7 19. Rah1 f3+ 20. Kd1 Ne5 21. Rxh4+ Kg7 22. Rh7+ Kf6 23. gxf3 Nxe3+ 24. dxe3 Bxf3+ 25. Kc1 Bxh1 26. Rxh1 Ke6 27. Bc4+ Nxc4 28. Qxc4+ Kd7 29. Qd5+ 1-0

[Event "SRB-ch sf (Women)"]
[Site "Novi Banovci"]
[Date "2023.02.07"]
[Round "2"]
[White "Drljevic, Ljilja"]
[Black "Panic, Anastasija"]
[Result "1-0"]
[WhiteElo "2165"]
[BlackElo "1790"]
[PlyCount "69"]
[EventDate "2023.02.06"]
[EventType "swiss"]
[EventRounds "7"]
[EventCountry "SRB"]
[SourceTitle "CBM 212 Extra"]
[Source "ChessBase"]
[SourceDate "2023.03.31"]
[SourceVersion "1"]
[SourceVersionDate "2023.03.31"]
[SourceQuality "1"]

1. g3 e6 2. c4 f5 3. Bg2 Nf6 4. e3 d6 5. b3 Be7 6. Bb2 c5 7. Nc3 0-0 8. Nge2 a6 9. 0-0 Qe8 10. d4 Nbd7 11. Nf4 Bd8 12. dxc5 g5 13. cxd6 gxf4 14. exf4 Ra7 15. Re1 Qf7 16. b4 b6 17. Qd4 Bb7 18. Na4 Bxg2 19. Kxg2 Nb8 20. c5 Nc6 21. Qd2 Ne4 22. Rxe4 fxe4 23. cxb6 Rd7 24. Qc3 e5 25. Qxc6 exf4 26. Qxe4 Rxd6 27. Qe5 Rf6 28. Kg1 fxg3 29. hxg3 Re8 30. Qd4 Qb7 31. Rd1 Qc6 32. Qd5+ Qxd5 33. Rxd5 Rh6 34. Bd4 Bg5 35. Rxg5+ 1-0

[Event "SRB-ch (Women) 16th"]
[Site "Bajina Basta"]
[Date "2022.12.06"]
[Round "1"]
[White "Grozdanovic, Anastasia"]
[Black "Drljevic, Ljilja"]
[Result "0-1"]
[WhiteElo "2009"]
[BlackElo "2175"]
[PlyCount "84"]
[EventDate "2022.12.06"]
[EventType "tourn"]
[EventRounds "9"]
[EventCountry "SRB"]
[SourceTitle "CBM 211 Extra"]
[Source "ChessBase"]
[SourceDate "2023.01.31"]
[SourceVersion "1"]
[SourceVersionDate "2023.01.31"]
[SourceQuality "1"]

1. d4 Nf6 2. c4 d6 3. Nc3 Nbd7 4. e4 e5 5. d5 Be7 6. f3 0-0 7. Be3 a5 8. Nh3 Ne8 9. Nf2 c6 10. Qd2 a4 11. Be2 Qa5 12. Rb1 Nc5 13. g4 Bh4 14. 0-0 Qc7 15. b4 axb3 16. axb3 Ra3 17. b4 Na4 18. Nxa4 Rxa4 19. c5 Be7 20. Rfc1 Qd7 21. Nd3 Ra3 22. Qb2 Ra8 23. cxd6 Bxd6 24. dxc6 bxc6 25. Nxe5 Qe6 26. Nc4 Bc7 27. Bc5 Nf6 28. Bxf8 Kxf8 29. Qb3 Bf4 30. Rd1 Ba6 31. Ra1 h5 32. Nd2 Qc8 33. Bxa6 Rxa6 34. Rxa6 Qxa6 35. Qc4 Qa3 36. Nb3 Qb2 37. Kf1 hxg4 38. Rd8+ Ke7 39. Rd3 Qb1+ 40. Ke2 gxf3+ 41. Kf2 Ng4+ 42. Kxf3 Ne5+ 0-1

[Event "FRM-chT (Women)"]
[Site "Struga"]
[Date "2022.10.15"]
[Round "2.1"]
[White "Drljevic, Ljilja"]
[Black "Radeva, Viktoria"]
[Result "1/2-1/2"]
[WhiteElo "2172"]
[BlackElo "2263"]
[PlyCount "119"]
[EventDate "2022.10.14"]
[EventType "team-tourn"]
[EventRounds "7"]
[EventCountry "MKD"]
[SourceTitle "CBM 210 Extra"]
[Source "ChessBase"]
[SourceDate "2022.11.30"]
[SourceVersion "1"]
[SourceVersionDate "2022.11.30"]
[SourceQuality "1"]
[WhiteTeam "Kumanovo (W)"]
[BlackTeam "Skopje MSK Centar (W)"]
[WhiteTeamCountry "MKD"]
[BlackTeamCountry "MKD"]

1. e4 c5 2. Nf3 e6 3. d3 Nc6 4. g3 d5 5. Nbd2 Bd6 6. Bg2 Nge7 7. 0-0 0-0 8. Nh4 Bc7 9. f4 f6 10. Kh1 b5 11. f5 exf5 12. Nxf5 Nxf5 13. exf5 Ne7 14. Nb3 Nxf5 15. Nxc5 Qd6 16. Qf3 Kh8 17. b4 Nh4 18. Qxd5 Bh3 19. Bf4 Bxg2+ 20. Qxg2 Nxg2 21. Bxd6 Bxd6 22. Kxg2 a5 23. a3 Be5 24. Rab1 axb4 25. Rxb4 Rxa3 26. Rxb5 Ra2 27. Rf2 Rc8 28. Re2 Bd4 29. Kf3 h6 30. Nb3 Bg1 31. Rg2 Ba7 32. Ra5 Rxa5 33. Nxa5 f5 34. g4 fxg4+ 35. Kxg4 Rf8 36. Nc6 Be3 37. Re2 Bg5 38. Ne5 Kh7 39. Nf3 Bc1 40. h4 Bf4 41. h5 Bb8 42. Re4 g6 43. hxg6+ Kxg6 44. Re6+ Kg7 45. Nh4 Rf4+ 46. Kh5 Rf2 47. Rg6+ Kf7 48. Rc6 Bg3 49. Kg4 Bxh4 50. Kxh4 Ke7 51. Kg3 Rd2 52. Rxh6 Rxc2 53. Kf3 Ra2 54. Ke4 Ra4+ 55. d4 Ra5 56. Rh7+ Kd6 57. Rh8 Kd7 58. Rb8 Kc7 59. Re8 Kd7 60. Rf8 1/2-1/2

[Event "SRB-ch Rapid"]
[Site "Paracin"]
[Date "2022.06.04"]
[Round "7"]
[White "Drljevic, Ljilja"]
[Black "Radovanovic, Nikola"]
[Result "0-1"]
[WhiteElo "2172"]
[BlackElo "2423"]
[PlyCount "88"]
[EventDate "2022.06.04"]
[EventType "swiss (rapid)"]
[EventRounds "9"]
[EventCountry "SRB"]
[SourceTitle "CBM 208 Extra"]
[Source "ChessBase"]
[SourceDate "2022.07.31"]
[SourceVersion "1"]
[SourceVersionDate "2022.07.31"]
[SourceQuality "1"]

1. g3 g6 2. Bg2 Bg7 3. d3 d5 4. Nd2 e5 5. e4 Ne7 6. Ngf3 Nbc6 7. 0-0 0-0 8. a3 a5 9. b3 h6 10. Bb2 d4 11. Ne1 Be6 12. f4 exf4 13. Rxf4 Qd7 14. Nf1 f5 15. exf5 Nxf5 16. Nf3 Bd5 17. h3 g5 18. Rg4 Bxf3 19. Qxf3 Ne3 20. Qe2 Nxg4 21. hxg4 Rae8 22. Be4 Ne5 23. Bf5 Rxf5 24. gxf5 g4 25. Qf2 Nf3+ 26. Kg2 Qxf5 27. Nd2 Re3 28. Ne4 h5 29. Rh1 h4 30. Bc1 h3+ 31. Kf1 Re1+ 32. Qxe1 Nxe1+ 33. Kxe1 Be5 34. Rf1 Qh5 35. Bf4 Bg7 36. Bxc7 h2 37. Rh1 Qh3 38. Nf2 Qg2 39. Bf4 Bf8 40. b4 axb4 41. a4 Kf7 42. Rf1 Ke6 43. Nh1 Qxc2 44. Nf2 b3 0-1

[Event "SRB-ch Rapid"]
[Site "Paracin"]
[Date "2022.06.04"]
[Round "9"]
[White "Drljevic, Ljilja"]
[Black "Zajic, Milan"]
[Result "1/2-1/2"]
[WhiteElo "2172"]
[BlackElo "2426"]
[PlyCount "99"]
[EventDate "2022.06.04"]
[EventType "swiss (rapid)"]
[EventRounds "9"]
[EventCountry "SRB"]
[SourceTitle "CBM 208 Extra"]
[Source "ChessBase"]
[SourceDate "2022.07.31"]
[SourceVersion "1"]
[SourceVersionDate "2022.07.31"]
[SourceQuality "1"]

1. e4 Nc6 2. d3 g6 3. g3 Bg7 4. Bg2 e5 5. c3 Nge7 6. Ne2 d5 7. Nd2 0-0 8. 0-0 Be6 9. h3 Qd7 10. Kh2 Rad8 11. Qc2 f5 12. exf5 Nxf5 13. Nb3 b6 14. Bg5 Rde8 15. Rad1 a5 16. g4 Nfe7 17. Qd2 Rf7 18. Ng3 Ref8 19. Rde1 Rf4 20. f3 R4f7 21. Re2 Kh8 22. d4 a4 23. Nc1 Ng8 24. Nd3 h6 25. Be3 Qd6 26. dxe5 Nxe5 27. Bf4 Rxf4 28. Nxf4 Bf7 29. b3 axb3 30. axb3 Nd7 31. Nd3 Qf6 32. Nb4 c6 33. Rc1 Nc5 34. Qc2 Qd6 35. Rce1 Qf6 36. Re3 Qd6 37. Nd3 h5 38. gxh5 gxh5 39. Ne5 h4 40. Nf5 Bg6 41. Nxd6 Bxc2 42. Nef7+ Kh7 43. b4 Na4 44. Ng5+ Kh6 45. Ngf7+ Kh7 46. Ng5+ Kh6 47. Ngf7+ Kh7 48. Ng5+ Kh6 49. Ndf7+ Kg6 50. Re6+ 1/2-1/2

[Event "SRB-ch sf (Women)"]
[Site "Paracin"]
[Date "2022.03.23"]
[Round "7"]
[White "Panic, Anastasija"]
[Black "Drljevic, Ljilja"]
[Result "0-1"]
[WhiteElo "1815"]
[BlackElo "2217"]
[PlyCount "58"]
[EventDate "2022.03.17"]
[EventType "swiss"]
[EventRounds "7"]
[EventCountry "SRB"]
[SourceTitle "EXT 2023"]
[Source "ChessBase"]
[SourceDate "2022.10.05"]
[SourceVersion "1"]
[SourceVersionDate "2022.10.05"]
[SourceQuality "1"]

1. e4 g6 2. d4 Bg7 3. Nc3 d6 4. Be3 a6 5. Qd2 Nd7 6. Nf3 b5 7. Ne2 Ngf6 8. e5 Ng4 9. exd6 cxd6 10. Bg5 Ndf6 11. Ng3 h6 12. Bxf6 Nxf6 13. a4 Bd7 14. a5 Bc6 15. Bd3 Rc8 16. c3 Qd7 17. h3 Bd5 18. Nh4 h5 19. Qc2 Qe6+ 20. Kf1 Bb3 21. Qb1 Bc4 22. Kg1 Bxd3 23. Qxd3 Qc4 24. Qc2 b4 25. Qa4+ Nd7 26. Rc1 Bxd4 27. Kh2 bxc3 28. Qc2 Be5 29. bxc3 Qxh4 0-1

[Event "SRB-ch sf (Women)"]
[Site "Paracin"]
[Date "2022.03.18"]
[Round "2"]
[White "Drljevic, Ljilja"]
[Black "Srdanovic, Jovana"]
[Result "0-1"]
[WhiteElo "2217"]
[BlackElo "2194"]
[PlyCount "111"]
[EventDate "2022.03.17"]
[EventType "swiss"]
[EventRounds "7"]
[EventCountry "SRB"]
[SourceTitle "EXT 2023"]
[Source "ChessBase"]
[SourceDate "2022.10.05"]
[SourceVersion "1"]
[SourceVersionDate "2022.10.05"]
[SourceQuality "1"]

1. e4 c5 2. f4 d5 3. exd5 Nf6 4. Bb5+ Nbd7 5. c4 a6 6. Ba4 b5 7. cxb5 g6 8. Nc3 Bg7 9. Nf3 0-0 10. d4 Bb7 11. bxa6 Rxa6 12. Bb3 Rd6 13. 0-0 Nxd5 14. Nb5 Rb6 15. a4 cxd4 16. Nfxd4 Nc5 17. Bc4 Ra6 18. Nf3 Nb6 19. Qe2 Rxa4 20. Rxa4 Ncxa4 21. Ne5 Nxc4 22. Qxc4 Nb6 23. Qc5 Nd7 24. Qc7 Qxc7 25. Nxc7 Nxe5 26. fxe5 Bxe5 27. Nb5 Ba6 28. Re1 f6 29. Nc3 Kf7 30. Rd1 Rc8 31. Nd5 Rd8 32. g3 Bb7 33. Nc3 Rc8 34. Bd2 Bf3 35. Ra1 Bd4+ 36. Kf1 Rb8 37. Ra2 e5 38. Be1 Rb3 39. Bd2 h5 40. h3 Ke6 41. Ke1 Kf5 42. Kf1 g5 43. Be1 Kg6 44. Bd2 g4 45. h4 Kf7 46. Be1 f5 47. Bd2 f4 48. Be1 Kg6 49. Ra6+ Kg7 50. Ra2 Kf7 51. gxf4 exf4 52. Ra4 Be3 53. Ne4 Rxb2 54. Bf2 Bxe4 55. Bxe3 Bd3+ 56. Ke1 0-1

[Event "SRB-ch sf (Women)"]
[Site "Paracin"]
[Date "2022.03.17"]
[Round "1"]
[White "Grozdanovic, Anastasia"]
[Black "Drljevic, Ljilja"]
[Result "0-1"]
[WhiteElo "2061"]
[BlackElo "2217"]
[PlyCount "98"]
[EventDate "2022.03.17"]
[EventType "swiss"]
[EventRounds "7"]
[EventCountry "SRB"]
[SourceTitle "EXT 2023"]
[Source "ChessBase"]
[SourceDate "2022.10.05"]
[SourceVersion "1"]
[SourceVersionDate "2022.10.05"]
[SourceQuality "1"]

1. d4 Nf6 2. c4 d6 3. Nf3 g6 4. Nc3 Bg7 5. h3 0-0 6. e4 a6 7. Be3 b6 8. Be2 Bb7 9. Nd2 Nfd7 10. d5 c6 11. 0-0 b5 12. dxc6 Bxc6 13. cxb5 axb5 14. Nxb5 Bxb2 15. Bh6 Re8 16. Rb1 Bf6 17. f4 Nc5 18. Qc2 Nbd7 19. Bc4 Qa5 20. Nb3 Qb6 21. Nxc5 Qxc5+ 22. Kh1 Nb6 23. Rfc1 Nxc4 24. Qxc4 Qxc4 25. Rxc4 Bxb5 26. Rxb5 Rxa2 27. Kh2 Re2 28. Rb3 Bg7 29. Bxg7 Kxg7 30. Rb7 Kf6 31. Kg3 Ra8 32. Rb1 Raa2 33. Rg1 Ra3+ 34. Kh4 Rae3 35. e5+ dxe5 36. fxe5+ Rxe5 37. Rf4+ Ke6 38. Rb4 R5e3 39. Rb6+ Ke5 40. Ra1 e6 41. Rb5+ Kd6 42. Ra6+ Ke7 43. Rb7+ Kf8 44. Raa7 Rf2 45. Ra8+ Kg7 46. Rbb8 h6 47. Rg8+ Kf6 48. g3 Re4+ 49. g4 Rf3 0-1

[Event "Mediterranean Flower (Women) 22nd"]
[Site "Rijeka"]
[Date "2022.03.08"]
[Round "4"]
[White "Toncheva, Nadya"]
[Black "Drljevic, Ljilja"]
[Result "1-0"]
[WhiteElo "2207"]
[BlackElo "2217"]
[PlyCount "81"]
[EventDate "2022.03.06"]
[EventType "tourn"]
[EventRounds "9"]
[EventCountry "CRO"]
[SourceTitle "CBM 207 Extra"]
[Source "ChessBase"]
[SourceDate "2022.05.31"]
[SourceVersion "1"]
[SourceVersionDate "2022.05.31"]
[SourceQuality "1"]

1. e4 c6 2. d4 d5 3. Nc3 dxe4 4. Nxe4 Nf6 5. Nxf6+ exf6 6. c3 Bd6 7. Bd3 0-0 8. Ne2 Nd7 9. 0-0 Re8 10. Ng3 Nf8 11. f4 Ng6 12. f5 Ne7 13. Nh5 Nd5 14. Qf3 Bf8 15. Bd2 a5 16. Rae1 Bd7 17. Qg3 Qb8 18. Bf4 Qd8 19. Nxg7 Rxe1 20. Ne6+ Kh8 21. Nxd8 Rxf1+ 22. Kxf1 Rxd8 23. Bd2 b5 24. Be4 Re8 25. Bxd5 cxd5 26. Qc7 Bxf5 27. Qxf7 Bg6 28. Qxd5 Bd3+ 29. Kg1 Re2 30. Qf7 Bg7 31. Bh6 Bxh6 32. Qxf6+ Kg8 33. Qxh6 Rxb2 34. d5 Bc4 35. d6 Rb1+ 36. Kf2 Rf1+ 37. Kg3 Rf7 38. Qg5+ Kf8 39. Qd8+ Kg7 40. d7 h6 41. Qe8 1-0

[Event "Mediterranean Flower (Women) 22nd"]
[Site "Rijeka"]
[Date "2022.03.07"]
[Round "3"]
[White "Drljevic, Ljilja"]
[Black "Zimina, Olga"]
[Result "0-1"]
[WhiteElo "2217"]
[BlackElo "2340"]
[PlyCount "122"]
[EventDate "2022.03.06"]
[EventType "tourn"]
[EventRounds "9"]
[EventCountry "CRO"]
[SourceTitle "CBM 207 Extra"]
[Source "ChessBase"]
[SourceDate "2022.05.31"]
[SourceVersion "1"]
[SourceVersionDate "2022.05.31"]
[SourceQuality "1"]

1. e4 c6 2. Nc3 d5 3. Qf3 dxe4 4. Nxe4 Nf6 5. Bc4 e6 6. Bb3 Na6 7. d3 Nxe4 8. dxe4 Nc5 9. Ne2 Qf6 10. Qe3 e5 11. Ng3 h5 12. h4 Ne6 13. Ne2 Qg6 14. Qf3 Nc5 15. Ng3 Bg4 16. Qc3 Bd6 17. Be3 Na6 18. a3 0-0 19. Bc4 Nc7 20. Be2 Bxe2 21. Kxe2 Qg4+ 22. Kf1 Rad8 23. Qe1 Ne6 24. f3 Qg6 25. Nf5 Nd4 26. Bxd4 exd4 27. Rd1 Rfe8 28. Qa5 Qf6 29. Nxd6 Rxd6 30. Qxh5 Rxe4 31. Qg5 Qxg5 32. hxg5 Re5 33. Rh4 c5 34. Rg4 Kh7 35. Kf2 Rde6 36. Rd2 Kg6 37. c3 Rxg5 38. Rxg5+ Kxg5 39. cxd4 Rd6 40. Ke3 Rxd4 41. Rxd4 cxd4+ 42. Kxd4 Kf4 43. b4 Kg3 44. b5 Kxg2 45. Kc5 Kxf3 46. Kd6 g5 47. Kc7 b6 48. Kb7 g4 49. Kxa7 g3 50. Kxb6 g2 51. a4 g1Q+ 52. Ka6 Ke4 53. b6 Qf1+ 54. Ka5 Qe1+ 55. Ka6 Qe2+ 56. Ka5 Qd2+ 57. Ka6 Qd3+ 58. Ka5 Qc3+ 59. Ka6 Qc4+ 60. Ka5 Qb3 61. b7 Kd5 0-1

[Event "SRB-ch (Women) 15th"]
[Site "Stara Planina"]
[Date "2021.12.13"]
[Round "8"]
[White "Drljevic, Ljilja"]
[Black "Manakova, Maria"]
[Result "1-0"]
[WhiteElo "2197"]
[BlackElo "2265"]
[PlyCount "115"]
[EventDate "2021.12.06"]
[EventType "tourn"]
[EventRounds "9"]
[EventCountry "SRB"]
[SourceTitle "CBM 205 Extra"]
[Source "ChessBase"]
[SourceDate "2022.01.31"]
[SourceVersion "1"]
[SourceVersionDate "2022.01.31"]
[SourceQuality "1"]

1. c4 e5 2. Nc3 Nf6 3. g3 d5 4. cxd5 Nxd5 5. Bg2 Nb6 6. d3 Be7 7. Nf3 Nc6 8. 0-0 0-0 9. a3 Be6 10. b4 a6 11. Ne4 f6 12. Bb2 Qe8 13. Qc2 Qf7 14. Rab1 Bb3 15. Qc1 Na4 16. Nc5 Nxc5 17. bxc5 Ba2 18. Ra1 Rfd8 19. Qc2 Bd5 20. Rfc1 a5 21. e3 a4 22. d4 exd4 23. Nxd4 Bxg2 24. Kxg2 Ne5 25. Rab1 Ra6 26. Ba1 Bf8 27. h3 Ra5 28. Qe4 c6 29. f4 Ng6 30. Ne6 Rd2+ 31. Kg1 Qd7 32. Bc3 Rb5 33. Bxd2 Qxd2 34. Rd1 Rxb1 35. Rxb1 f5 36. Qc4 Qxe3+ 37. Kg2 Qd2+ 38. Kh1 Kh8 39. Rxb7 Qe1+ 40. Kg2 Qd2+ 41. Kf1 Qh2 42. Nxf8 Qxh3+ 43. Ke2 Qg2+ 44. Kd1 Qg1+ 45. Kc2 Nxf8 46. Rb8 Qf2+ 47. Kb1 Qe1+ 48. Kb2 Qe7 49. Qxa4 Qxc5 50. Qb4 Qf2+ 51. Kb3 Qe3+ 52. Kc4 Qc1+ 53. Kd4 Qa1+ 54. Kc5 Qf6 55. Kb6 c5+ 56. Kxc5 h6 57. Kb5 Kg8 58. a4 1-0